[Event "AUTO-INT-3918"]
[Site "http://www.queenalice.com/game.php?id=1873777"]
[Date "2026.5.21"]
[Round "2"]
[White "SGF"]
[Black "renet54"]
[Result "1-0"]
[WhiteElo "1755"]
[BlackElo "1506"]

1. e4 e5 2. Qf3 Nf6 3. d3 Nc6 4. c3 Bc5 5. b4 Bb6 6. a4 a6 7. Qg3 O-O 8. Bh6 Nh5
9. Qg4 Qf6 10. Be3 g6 11. h4 d6 12. Qf3 Qxf3 13. Nxf3 Bg4 14. a5 Bxe3 15. fxe3
Bxf3 16. gxf3 Ng3 17. Rg1 Nh5 18. f4 exf4 19. exf4 Nxf4 20. Nd2 Nxd3+ 21. Bxd3
Ne5 22. Be2 Rae8 23. h5 Re6 24. O-O-O Rfe8 25. hxg6 fxg6 26. b5 axb5 27. Bxb5 c6
28. Ba4 d5 29. exd5 Rd6 30. c4 Nd3+ 31. Kc2 Nb4+ 32. Kc3 Nxd5+ 33. cxd5 Rxd5 34.
a6 Re3+ 35. Kc4 b5+ 36. Bxb5 Rxb5 37. Ra1 Rd5 38. a7 Rd8 39. Rab1 Re2 40. Kc3
Rexd2 41. Rb8 Rd3+ 42. Kc4 Ra3 43. Rxd8+ Kg7 44. a8=Q Rxa8 45. Rxa8 h5 46. Rc8
1-0

[Event "Challenge"]
[Site "http://www.queenalice.com/game.php?id=1874183"]
[Date "2026.5.31"]
[Round "-"]
[White "Leanne"]
[Black "renet54"]
[Result "0-1"]
[WhiteElo "1424"]
[BlackElo "1568"]

1. Nf3 Nf6 2. Nc3 e6 3. e4 Bc5 4. d4 Bd6 5. e5 Bb4 6. Bd2 O-O 7. exf6 Qxf6 8.
Be2 Nc6 9. O-O b6 10. a3 Bb7 11. axb4 Nxb4 12. Bg5 Qg6 13. g3 Bxf3 14. Be7 Bc6
15. Bxf8 Rxf8 16. Bh5 Qxc2 17. Qe2 Qf5 18. Rxa7 Qh3 19. f4 g6 20. Bg4 Qh6 21.
Qe5 Nd3 22. Qf6 Nxf4 23. Qxf4 Qxf4 24. Rxf4 f5 25. Bf3 Bxf3 0-1